Cambio político y económico en la América Latina / (Record no. 23748)

MARC details
000 -LEADER
campo de control de longitud fija 00626nam a2200181 i 4500
001 - NÚMERO DE CONTROL
campo de control 23748
003 - IDENTIFICADOR DE NÚMERO DE CONTROL
campo de control ES-MaACL
007 - CAMPO FIJO DE DESCRIPCIÓN FÍSICA--INFORMACIÓN GENERAL
campo de control de longitud fija t|
008 - DATOS DE LONGITUD FIJA--INFORMACIÓN GENERAL
campo de control de longitud fija 021212s1974 mx ||||1| spa d
100 1# - ENTRADA PRINCIPAL--NOMBRE DE PERSONA
Nombre de persona Anderson, Charles W.
9 (RLIN) 21442
245 10 - MENCIÓN DEL TÍTULO
Título Cambio político y económico en la América Latina /
Mención de responsabilidad, etc. Charles W. Anderson ; [traducción de Guillermo Cárdenas y J.L. Pérez Hernández].
250 ## - MENCION DE EDICION
Mención de edición [1ª ed.].
260 ## - PUBLICACIÓN, DISTRIBUCIÓN, ETC.
Lugar de publicación, distribución, etc. México :
Nombre del editor, distribuidor, etc. Fondo de Cultura Económica,
Fecha de publicación, distribución, etc. [1974]
300 ## - DESCRIPCIÓN FÍSICA
Extensión 417 p. ;
Dimensiones 21 cm.
700 1# - ENTRADA AGREGADA--NOMBRE PERSONAL
Nombre de persona Cárdenas, Guillermo.
9 (RLIN) 35139
700 1# - ENTRADA AGREGADA--NOMBRE PERSONAL
Nombre de persona Pérez Hernández, J. L.
9 (RLIN) 90931
852 ## - LOCALIZACIÓN
Ubicación ES-MaACL
Número de control de estantería E-7093
Sublocalización o colección R.91374
Holdings
Estatus retirado Estado de pérdida Estado de daño No para préstamo Biblioteca de origen Biblioteca actual Ubicación en estantería Fecha de adquisición Fuente de adquisición Total de préstamos Signatura topográfica completa Código de barras Visto por última vez Precio de reemplazo Tipo de ítem Koha
        Biblioteca del Ateneo de Madrid Biblioteca del Ateneo de Madrid Depósito 2 17/01/2008     E-7093 1024472 23/02/2023 23/02/2023 Libro impreso